000 00753nam a22003017a 4500
005 20250626151321.0
008 160415b2013 xxu||||| |||| 00| 0 spa d
020 _a9786071714190
041 _aESP
082 _a362.296 H557c2
100 _aHernández Sandoval, Eduardo
_98004
245 _aCómo dejar de fumar definitivamente: y prevenir otras adicciones
250 _a2 edición
260 _aMéxico
260 _bTrillas
260 _c2013
300 _a166 páginas
490 _aTemática General
650 _aFUMAR
650 _aTABACO
650 _aHABITO
650 _aEFECTOS DEL TABACO
650 _aADICCIONES
650 _aENTORNO SOCIAL
650 _aDROGADICCIÓN
650 _aNICOTINA
942 _cBK
_2ddc
999 _c7959
_d7959